| 000 | 00366nam a22001457a 4500 | ||
|---|---|---|---|
| 005 | 20180312131205.0 | ||
| 008 | 170719b xxu||||| |||| 00| 0 eng d | ||
| 040 | _cPK-LaUMT | ||
| 082 |
_aZIAC 297.05 _bSAL-M |
||
| 100 | _aSaleem , Muhammad | ||
| 245 |
_aMahnama tameer e afkar/ _cMuhammad Saleem |
||
| 260 |
_aکراچی: _b[ ] _c[ ] |
||
| 300 | _a493 | ||
| 942 | _cBK | ||
| 999 |
_c95380 _d95380 |
||